Katseye - Touch - Statistics

General Stats
  • This quiz has been taken 464 times
    393 since last reset
  • The average score is 146 of 218
Answer Stats
Answers % Correct
to
99%
touch
98%
a
95%
you
94%
much
93%
i
90%
so
88%
way
88%
out
87%
about
85%
been
84%
of
84%
bout
83%
monday
83%
my
83%
thought
81%
was
81%
the
80%
but
79%
too
79%
tuesday
79%
could
78%
love
78%
'cause
74%
have
74%
us
74%
i'm
70%
im
70%
phone
70%
over
69%
some
69%
on
67%
in
66%
ya
66%
alone
65%
window
65%
dreaming
64%
friday
63%
moon
63%
say
63%
had
62%
thursday
62%
tonight
62%
waiting
61%
and
60%
close
60%
what
60%
can
59%
it
59%
seem
58%
sometimes
58%
bored
57%
makes
57%
stare
57%
baby
56%
days
56%
getting
56%
oh
56%
yeah
56%
two
54%
up
52%
were
52%
cold
51%
from
50%
wasn't
50%
moving
49%
near
49%
overthinking
49%
hearing
48%
time
48%
do
47%
losing
47%
slow
47%
weekend
47%
interest
46%
there
46%
already
43%
missed
40%
come
36%
young
36%
messed
35%
night
34%
waste
34%
don't
33%
went
33%
call
31%
here
31%
sorry
31%
if
30%
press
30%
before
29%
first
29%
heard
29%
one
29%
something
29%
you're
29%
again
28%
ain't
27%
good
27%
ignore
27%
advice
26%
fun
25%
with
25%
ever
24%
gonna
24%
promise
24%
story
24%
anymore
23%
different
23%
won't
23%
comes
21%
No matching quizzes found
Score Distribution
Percent of People with Each Score
Percentile by Number Answered
Your Score History
You have not taken this quiz since the last reset